Catecismo de la doctrina cristiana explicado, ó, Exposición del Astete que conviene también al Ripalda

Detalles Bibliográficos
Autor principal: García Mazo, Santiago José 1768-1849
Otros Autores: Arcos, Ángel María de (Compilador), Yermo y Parres, José M. (Compilador)
Formato: Libro
Lenguaje:Spanish
Publicado: México 1900
Materias:
Colección:Banco de datos
Acervo:Biblioteca de la Congregación del Oratorio de San Felipe Neri de México. Iglesia La Profesa
Descripción Física:IX, 292 p. 19 cm.
Tema general:Catequética
Notas:Encuadernación en keratol. Sello en tinta del Oratorio de San Felipe Neri de México. Biblioteca La Profesa, D.F. Daños en la encuadernación
LEADER 01448nam a22002170004500
035 |a 2456 
041 0 |a spa 
100 1 |a García Mazo, Santiago José  |d 1768-1849 
245 1 0 |a Catecismo de la doctrina cristiana explicado, ó, Exposición del Astete que conviene también al Ripalda  |c por el Lic. D. Santiago José García Mazo, magistral que fué de la Santa Iglesia Catedral (Hoy Metropolitana) de Valladolid ; adicionado con recientes enseñanzas de la santa iglesia, últimamente acomodado á la doctrina del Doctor de la misma san Alfonso María de Ligorio, por el Padre Angel María de Arcos, de la Compañía de Jesús y de nuevo adicionado en lo referente á Mejico por el pbro. José M. de Yermo y Parres  
260 |a México  |b Herrero hermanos editores  |c 1900 
300 |a IX, 292 p.  |c 19 cm. 
500 |a Encuadernación en keratol. Sello en tinta del Oratorio de San Felipe Neri de México. Biblioteca La Profesa, D.F. Daños en la encuadernación 
504 |a Índice alfabético, apéndice y catálogo de publicaciones en venta de la casa impresora 
650 1 0 |a Catequética 
700 1 |a Arcos, Ángel María de  |e com. 
700 1 |a Yermo y Parres, José M.  |e com. 
740 0 |a Exposición del Astete que conviene también al Ripalda 
949 |a Iglesia La Profesa, Biblioteca 4658 
942 |c PROFESA 
943 |g Biblioteca de la Congregación del Oratorio de San Felipe Neri de México. Iglesia La Profesa 
999 |c 949267  |d 949267